00392nam a2200133 i 4500001000300000100001900003245004900022260002100071040000800092041000800100080001100108008004100119856009800160bg1 aCWYNAR, Ludwik 0aRozruch kotłów parowych /cLudwik Cwynar. aWarszawa,c1978. cBPK apol a621.18 s pl f |000 0 pol  uhttp://koha.tu.koszalin.pl/cgi-bin/koha/opac-detail.pl?biblionumber=17966yKatalog online BPK